[Event "Manitoba-ch"]
[Site "Winnipeg CAN"]
[Date "1998.02.21"]
[Round "5"]
[White "Lauritson, Jim"]
[Black "Kollar, Frank"]
[Result "1/2-1/2"]
[WhiteElo "2076"]
[BlackElo "2201"]
[PlyCount "120"]
[GameId "2160767911873919"]
[EventDate "1998.02.14"]
[EventType "tourn"]
[EventRounds "7"]
[EventCountry "CAN"]

1. e4 c5 2. Nf3 e6 3. d3 Nc6 4. Nbd2 d5 5. g3 Nf6 6. Bg2 Be7 7. O-O O-O 8. Re1 dxe4 9. dxe4 e5 10. c3 Re8 11. Qc2 h6 12. Nc4 Qc7 13. a4 Be6 14. Nfd2 Bf8 15. b3 Rad8 16. Ba3 Rd7 17. Rad1 Red8 18. f3 a6 19. Bf1 b5 20. Ne3 Qb6 21. Kg2 c4 22. Bxf8 cxb3 23. Nxb3 bxa4 24. Nc5 Rxd1 25. Nxd1 Bb3 26. Qb1 Kxf8 27. Nxa4 Rd2+ 28. Re2 Qd8 29. Qxb3 Rxd1 30. Nc5 Ra1 31. Rb2 Kg8 32. Bc4 Qe7 33. Nxa6 Ra3 34. Qb7 Qxb7 35. Rxb7 Rxc3 36. Bxf7+ Kf8 37. Bg6 Nd8 38. Rb8 Ke7 39. Nb4 Rc5 40. Kh3 Kd7 41. Ra8 Rc7 42. Nd3 Nc6 43. Bf5+ Kd6 44. Rc8 Rxc8 45. Bxc8 Ne7 46. Bb7 g5 47. Kg2 Ng6 48. Kf2 Nd7 49. Ke3 Nf6 50. Bc8 Ne7 51. Ba6 Ng6 52. Bc8 Ne7 53. Bh3 Ng6 54. Bf5 Ne7 55. Bh3 Ng6 56. f4 exf4+ 57. gxf4 gxf4+ 58. Nxf4 Nxf4 59. Kxf4 Nxe4 60. Kxe4 Ke7 1/2-1/2

[Event "Manitoba-ch"]
[Site "Winnipeg CAN"]
[Date "1998.02.21"]
[Round "6"]
[White "Henson, Joshua"]
[Black "Kirton, Dale"]
[Result "1/2-1/2"]
[WhiteElo "2006"]
[BlackElo "2252"]
[PlyCount "34"]
[GameId "2160767911873920"]
[EventDate "1998.02.14"]
[EventType "tourn"]
[EventRounds "7"]
[EventCountry "CAN"]

1. e4 c5 2. Nf3 e6 3. d4 cxd4 4. Nxd4 Nf6 5. Nc3 Nc6 6. Be2 Bb4 7. O-O O-O 8. Bf3 a6 9. Be3 Qc7 10. Nxc6 dxc6 11. Na4 b5 12. Nc5 Nd7 13. Nd3 Bd6 14. g3 Bb7 15. Bg2 c5 16. f4 c4 17. Nf2 Bc5 1/2-1/2

[Event "Manitoba-ch"]
[Site "Winnipeg CAN"]
[Date "1998.02.21"]
[Round "6"]
[White "Kollar, Frank"]
[Black "Schulz, Manfred"]
[Result "1-0"]
[WhiteElo "2201"]
[BlackElo "2005"]
[PlyCount "65"]
[GameId "2160767911873921"]
[EventDate "1998.02.14"]
[EventType "tourn"]
[EventRounds "7"]
[EventCountry "CAN"]

1. d4 c6 2. e4 d5 3. exd5 cxd5 4. Nf3 Bf5 5. c4 Nf6 6. Nc3 e6 7. cxd5 Nxd5 8. Bb5+ Nc6 9. Qa4 Qb6 10. Nxd5 exd5 11. O-O Bd6 12. Re1+ Kd8 13. Bd2 a6 14. Bxc6 Qxc6 15. Qb3 b6 16. Bb4 Be6 17. Rac1 Qd7 18. Bxd6 Qxd6 19. Ne5 Rc8 20. Rxc8+ Kxc8 21. Rc1+ Kb7 22. Rc6 Qd8 23. a4 a5 24. Qb5 Re8 25. h3 f6 26. Nd3 Bc8 27. b4 Ka7 28. bxa5 bxa5 29. Nc5 Re7 30. Nb3 Bb7 31. Nxa5 Qb8 32. Ra6+ Bxa6 33. Nc6+ 1-0

[Event "Manitoba-ch"]
[Site "Winnipeg CAN"]
[Date "1998.02.21"]
[Round "6"]
[White "Langner, David"]
[Black "Hellsten, Ole"]
[Result "1/2-1/2"]
[WhiteElo "2277"]
[BlackElo "1997"]
[PlyCount "73"]
[GameId "2160767911873922"]
[EventDate "1998.02.14"]
[EventType "tourn"]
[EventRounds "7"]
[EventCountry "CAN"]

1. e4 e6 2. d4 d5 3. e5 b6 4. Bb5+ Bd7 5. Bd3 c5 6. c3 Nc6 7. Nf3 cxd4 8. cxd4 Bb4+ 9. Bd2 Nge7 10. O-O Bxd2 11. Qxd2 g6 12. Nc3 Na5 13. b4 Nc4 14. Bxc4 dxc4 15. Ne4 Nd5 16. Nd6+ Kf8 17. Qh6+ Kg8 18. Ng5 Be8 19. Nxc4 Qe7 20. Ne3 Qf8 21. Qxf8+ Kxf8 22. Nxd5 exd5 23. Rfc1 h6 24. Nf3 Ke7 25. Rc7+ Bd7 26. Rac1 Rhc8 27. Rxc8 Rxc8 28. Rxc8 Bxc8 29. Kf1 Kd7 30. Ke2 Kc6 31. a4 Bd7 32. Kd3 Kb7 33. b5 a6 34. Kc3 axb5 35. axb5 Bxb5 36. Kb4 Bd7 37. Nd2 1/2-1/2

[Event "Manitoba-ch"]
[Site "Winnipeg CAN"]
[Date "1998.02.21"]
[Round "6"]
[White "Lauritson, Jim"]
[Black "Gentes, Kevin"]
[Result "0-1"]
[WhiteElo "2007"]
[BlackElo "2378"]
[PlyCount "130"]
[GameId "2160767911873923"]
[EventDate "1998.02.14"]
[EventType "tourn"]
[EventRounds "7"]
[EventCountry "CAN"]

1. e4 c5 2. Nf3 e6 3. d4 cxd4 4. Nxd4 Nf6 5. Nc3 d6 6. Be2 Be7 7. O-O O-O 8. Be3 Nc6 9. f4 a6 10. Bf3 Qc7 11. g4 Re8 12. g5 Nd7 13. Bg2 Na5 14. Kh1 Nc4 15. Bc1 b5 16. f5 Nde5 17. Qh5 g6 18. Qh3 Bd7 19. b3 Na5 20. Bd2 Nac6 21. Nce2 Nxd4 22. Nxd4 Qc5 23. c3 b4 24. f6 Bf8 25. Rac1 Rac8 26. Ne2 Qa5 27. Rc2 bxc3 28. Nxc3 Qb6 29. Qe3 Qb8 30. Rfc1 Rc7 31. Ne2 Rec8 32. Rxc7 Rxc7 33. Rxc7 Qxc7 34. Qc3 Qb7 35. Nd4 Bb5 36. Nxb5 Qxb5 37. h3 Qe2 38. Qe3 Qd1+ 39. Qe1 Qc2 40. Bc3 Qxa2 41. Bxe5 dxe5 42. Qd1 Qf2 43. Qf3 Qh4 44. Qe3 h6 45. gxh6 Bxh6 46. Qf3 Bf4 47. Bf1 a5 48. Kg2 Qxf6 49. Bc4 Kg7 50. Qg4 Qd8 51. Qe2 Qb6 52. Qf3 Qb4 53. Qe2 Qc3 54. Qf3 Qc2+ 55. Qe2 Qb1 56. Qf3 Qe1 57. Bf1 Kf6 58. Bc4 Ke7 59. Bd3 Kd6 60. Bc4 Kc5 61. Qd3 Be3 62. Qe2 Qg1+ 63. Kf3 Bf4 64. Qd3 Qh2 65. Kg4 Qg2+ 0-1

[Event "Manitoba-ch"]
[Site "Winnipeg CAN"]
[Date "1998.02.22"]
[Round "7"]
[White "Gentes, Kevin"]
[Black "Kollar, Frank"]
[Result "1/2-1/2"]
[WhiteElo "2378"]
[BlackElo "2201"]
[PlyCount "27"]
[GameId "2160767911873924"]
[EventDate "1998.02.14"]
[EventType "tourn"]
[EventRounds "7"]
[EventCountry "CAN"]

1. Nf3 d5 2. g3 g6 3. c4 Nf6 4. Bg2 Bg7 5. O-O O-O 6. cxd5 Nxd5 7. d4 c6 8. e4 Nb6 9. h3 N8d7 10. Nc3 c5 11. d5 Nc4 12. Qe2 Ndb6 13. Rd1 Ne5 14. Ne1 1/2-1/2

[Event "Manitoba-ch"]
[Site "Winnipeg CAN"]
[Date "1998.02.22"]
[Round "7"]
[White "Hellsten, Ole"]
[Black "Lauritson, Jim"]
[Result "1-0"]
[WhiteElo "1997"]
[BlackElo "2076"]
[PlyCount "77"]
[GameId "2160767911873925"]
[EventDate "1998.02.14"]
[EventType "tourn"]
[EventRounds "7"]
[EventCountry "CAN"]

1. d4 f5 2. Bg5 g6 3. Nd2 Bg7 4. c3 Nf6 5. Ngf3 d6 6. e3 Nc6 7. Be2 O-O 8. Qb3+ d5 9. h4 h6 10. Bf4 Ng4 11. Nh2 e5 12. dxe5 Nxh2 13. Rxh2 Nxe5 14. O-O-O c6 15. Rhh1 Qb6 16. Qxb6 axb6 17. a3 Be6 18. Nf3 Ng4 19. Rhf1 c5 20. Ne1 Rfc8 21. Kb1 Nf6 22. Nd3 Nd7 23. Bf3 b5 24. Nc1 Nb6 25. Bd6 Rc6 26. Bf4 b4 27. axb4 cxb4 28. cxb4 Nc4 29. Bxd5 Bxd5 30. Rxd5 Bxb2 31. Nb3 Bg7 32. Rc5 Rca6 33. Rxc4 Ra1+ 34. Nxa1 Rxa1+ 35. Kc2 Rxf1 36. Bg3 Ra1 37. Rc8+ Kh7 38. Rc7 Kg8 39. Rxg7+ 1-0

[Event "Manitoba-ch"]
[Site "Winnipeg CAN"]
[Date "1998.02.22"]
[Round "7"]
[White "Schulz, Manfred"]
[Black "Henson, Joshua"]
[Result "1/2-1/2"]
[WhiteElo "2005"]
[BlackElo "2006"]
[PlyCount "69"]
[GameId "2160767911873927"]
[EventDate "1998.02.14"]
[EventType "tourn"]
[EventRounds "7"]
[EventCountry "CAN"]

1. e4 d5 2. exd5 Nf6 3. Nf3 Nxd5 4. d4 Bg4 5. h3 Bh5 6. c4 Nf6 7. Be3 Nc6 8. Be2 e6 9. Nc3 Be7 10. O-O O-O 11. Re1 Bg6 12. a3 Ne4 13. Nxe4 Bxe4 14. Bd3 Bxd3 15. Qxd3 Bf6 16. Rad1 Re8 17. Bf4 Nxd4 18. Nxd4 e5 19. Bxe5 Bxe5 20. b4 g6 21. Nf3 Qxd3 22. Rxd3 Bf6 23. Rd7 Rxe1+ 24. Nxe1 Re8 25. Kf1 Re7 26. Rxe7 Bxe7 27. Ke2 Kg7 28. Kd3 Kf6 29. Nf3 Ke6 30. Nd4+ Kd7 31. g4 c5 32. Nc2 cxb4 33. axb4 a6 34. f3 Bf8 35. Ke4 1/2-1/2

[Event "Manitoba-ch U16"]
[Site "Winnipeg CAN"]
[Date "1998.10.03"]
[Round "1"]
[White "Gushuliak, Justin"]
[Black "Xia, Yanchong"]
[Result "1-0"]
[WhiteElo "2000"]
[BlackElo "1350"]
[PlyCount "43"]
[GameId "2160767911806308"]
[EventDate "1998.10.03"]
[EventType "swiss"]
[EventRounds "4"]
[EventCountry "CAN"]

1. e4 c5 2. Nf3 Nc6 3. c3 d6 4. d4 cxd4 5. cxd4 Nf6 6. Nc3 g6 7. Be3 Bg7 8. h3 Qa5 9. Qd2 O-O 10. Bd3 Nb4 11. Bb1 Bd7 12. O-O Rfc8 13. a3 Rc7 14. axb4 Qxa1 15. Bd3 Qxf1+ 16. Kxf1 Rac8 17. e5 Ne8 18. Nb5 Rc1+ 19. Qxc1 Rxc1+ 20. Bxc1 e6 21. Nc3 d5 22. Bb5 1-0

[Event "Manitoba-ch U16"]
[Site "Winnipeg CAN"]
[Date "1998.10.03"]
[Round "1"]
[White "Lasker, Justin"]
[Black "Lipnowski, Michael"]
[Result "0-1"]
[WhiteElo "1108"]
[BlackElo "1627"]
[PlyCount "62"]
[GameId "2160767911806309"]
[EventDate "1998.10.03"]
[EventType "swiss"]
[EventRounds "4"]
[EventCountry "CAN"]

1. e4 c5 2. Nf3 e6 3. d4 cxd4 4. Nxd4 Nf6 5. Nc3 Nc6 6. Bd3 Nxd4 7. Be3 Nc6 8. Bb5 Bb4 9. O-O Bxc3 10. bxc3 Nxe4 11. Re1 Nxc3 12. Qd3 Nxb5 13. Qxb5 O-O 14. Qe2 d5 15. Rad1 Qc7 16. Bc5 Re8 17. c4 dxc4 18. Qxc4 Na5 19. Qb5 Rd8 20. Rd2 Bd7 21. Bd6 Bxb5 22. Bxc7 Rxd2 23. Bxa5 Rxa2 24. Bb4 Rc8 25. h3 Rcc2 26. Rd1 h6 27. Rd8+ Kh7 28. Rb8 Rxf2 29. Rxb7 Rxg2+ 30. Kh1 Rh2+ 31. Kg1 Rag2# 0-1

[Event "Manitoba-ch U16"]
[Site "Winnipeg CAN"]
[Date "1998.10.03"]
[Round "1"]
[White "Walker, Sean"]
[Black "Henson, Joshua"]
[Result "0-1"]
[WhiteElo "1497"]
[BlackElo "2127"]
[PlyCount "122"]
[GameId "2160767911806310"]
[EventDate "1998.10.03"]
[EventType "swiss"]
[EventRounds "4"]
[EventCountry "CAN"]

1. e4 e6 2. d4 d5 3. e5 c5 4. Nf3 Nc6 5. c3 Bd7 6. Bd3 Rc8 7. O-O cxd4 8. cxd4 Nb4 9. Be2 Nc2 10. Nc3 Nxa1 11. Be3 Ne7 12. Bg5 Qb6 13. Qxa1 h6 14. Bxe7 Bxe7 15. Nd2 Qxd4 16. Nf3 Qb6 17. b3 Bb4 18. Na4 Bxa4 19. bxa4 O-O 20. Rd1 Bc3 21. Qb1 Qxb1 22. Rxb1 b6 23. Rd1 Bb2 24. h3 Rc1 25. Rxc1 Bxc1 26. Nd4 Bb2 27. Nc6 Kh8 28. Bb5 Rc8 29. Nb4 Bxe5 30. Nd3 Bf6 31. Ba6 Rc2 32. Nb4 Rb2 33. a3 Be7 34. Nd3 Rb1+ 35. Kh2 Bxa3 36. Bb5 e5 37. Nxe5 Bd6 38. f4 Bxe5 39. fxe5 Re1 40. Bc6 d4 41. Kg3 Rxe5 42. Kf4 Rc5 43. Be4 g5+ 44. Kf3 Rc3+ 45. Ke2 Re3+ 46. Kd2 Rxe4 47. Kd3 f5 48. g4 fxg4 49. hxg4 Rxg4 50. Ke2 Rg3 51. a5 h5 52. axb6 axb6 53. Kd2 h4 54. Ke2 h3 55. Kf2 Re3 56. Kf1 d3 57. Kf2 d2 58. Kxe3 d1=Q 59. Kf2 h2 60. Kg3 h1=Q 61. Kf2 Qhf3# 0-1

[Event "Manitoba-ch U16"]
[Site "Winnipeg CAN"]
[Date "1998.10.03"]
[Round "2"]
[White "Henson, Joshua"]
[Black "Lasker, Justin"]
[Result "1-0"]
[WhiteElo "2124"]
[BlackElo "1108"]
[PlyCount "69"]
[GameId "2160767911806311"]
[EventDate "1998.10.03"]
[EventType "swiss"]
[EventRounds "4"]
[EventCountry "CAN"]

1. e4 c5 2. Nf3 d6 3. d4 cxd4 4. Nxd4 Nf6 5. Nc3 g6 6. Be3 Bg7 7. f3 O-O 8. Qd2 Nc6 9. Bc4 Bd7 10. O-O-O Rc8 11. Bb3 Ne5 12. Bg5 Nc4 13. Bxc4 Rxc4 14. e5 dxe5 15. Nde2 Qb6 16. Bxf6 Bxf6 17. Qxd7 Bg5+ 18. Kb1 Rb4 19. b3 e6 20. Qd6 Rd8 21. Qxb6 Rxb6 22. Rxd8+ Bxd8 23. Rd1 Bc7 24. Rd7 Bd6 25. Ne4 Ba3 26. Ng5 a5 27. Nxf7 a4 28. Nxe5 axb3 29. axb3 Rb5 30. Nc4 Bc5 31. Nc3 Rb4 32. Ne4 b5 33. Nf6+ Kf8 34. Ne5 Bd4 35. Rf7# 1-0

[Event "Manitoba-ch U16"]
[Site "Winnipeg CAN"]
[Date "1998.10.03"]
[Round "2"]
[White "Lipnowski, Michael"]
[Black "Gushuliak, Justin"]
[Result "0-1"]
[WhiteElo "1627"]
[BlackElo "2000"]
[PlyCount "56"]
[GameId "2160767911806312"]
[EventDate "1998.10.03"]
[EventType "swiss"]
[EventRounds "4"]
[EventCountry "CAN"]

1. e4 c5 2. Nf3 Nc6 3. Bb5 g6 4. Bxc6 bxc6 5. d4 Bg7 6. O-O cxd4 7. Nxd4 Nh6 8. Be3 f6 9. Nc3 Nf7 10. Qe2 Qc7 11. f4 Rb8 12. Nb3 O-O 13. Rad1 d6 14. Bd4 Bd7 15. Kh1 Rfc8 16. Qf3 Rf8 17. Qe2 Rfe8 18. Qc4 Rb7 19. Ne2 c5 20. Nc3 cxd4 21. Qxd4 Bc6 22. Qe3 Qb6 23. Qg3 f5 24. exf5 gxf5 25. Rfe1 Kh8 26. Qh4 Bf6 27. Qh5 Qf2 28. Re2 Bxg2# 0-1

[Event "Manitoba-ch U16"]
[Site "Winnipeg CAN"]
[Date "1998.10.03"]
[Round "2"]
[White "Xia, Yanchong"]
[Black "Walker, Sean"]
[Result "0-1"]
[WhiteElo "1350"]
[BlackElo "1497"]
[PlyCount "42"]
[GameId "2160767911806313"]
[EventDate "1998.10.03"]
[EventType "swiss"]
[EventRounds "4"]
[EventCountry "CAN"]

1. e4 e5 2. Nf3 Nc6 3. Bc4 Bc5 4. O-O Nf6 5. Nc3 d6 6. h3 O-O 7. d3 h6 8. Be3 Bb6 9. Bxb6 axb6 10. d4 Re8 11. Bb5 Bd7 12. dxe5 Nxe5 13. Nxe5 dxe5 14. Bxd7 Nxd7 15. Nd5 c6 16. Ne3 Nc5 17. Qxd8 Raxd8 18. f3 Rd2 19. Rf2 Rd7 20. Nc4 b5 21. Rd2 bxc4 0-1

[Event "Manitoba-ch U16"]
[Site "Winnipeg CAN"]
[Date "1998.10.04"]
[Round "3"]
[White "Gushuliak, Justin"]
[Black "Walker, Sean"]
[Result "1-0"]
[WhiteElo "2000"]
[BlackElo "1497"]
[PlyCount "117"]
[GameId "2160767911806314"]
[EventDate "1998.10.03"]
[EventType "swiss"]
[EventRounds "4"]
[EventCountry "CAN"]

1. e4 e5 2. Nf3 Nc6 3. Bb5 d6 4. d4 Bd7 5. O-O Nf6 6. Nc3 Be7 7. dxe5 dxe5 8. Bxc6 Bxc6 9. Qxd8+ Rxd8 10. Nxe5 Bxe4 11. Nxe4 Nxe4 12. Re1 O-O 13. Bf4 Rd4 14. c3 Nxc3 15. bxc3 Rxf4 16. Nd3 Bd6 17. Nxf4 Bxf4 18. Rad1 Bd6 19. g3 g6 20. Kg2 Kg7 21. f4 f5 22. Re6 Kf7 23. Rde1 b6 24. Kh3 a5 25. Kh4 h6 26. a4 Bc5 27. Rc6 Bd6 28. c4 Ra8 29. c5 bxc5 30. Kh3 Kf6 31. Re5 Kf7 32. Rd5 Ke6 33. Rdxc5 Kd7 34. Rc2 Ra7 35. Kg2 Ke7 36. Kf3 Kf7 37. Ke3 Ke6 38. Kd4 Kd7 39. Kd5 Ke7 40. Rb2 g5 41. fxg5 hxg5 42. Rb8 f4 43. gxf4 Bxf4 44. h3 Kf7 45. Rh8 Bg3 46. Rh7+ Kg8 47. Rd7 Bf4 48. Ke6 Ra8 49. Kf6 Rf8+ 50. Kg6 Rc8 51. Re6 c5 52. Rde7 Kf8 53. Rg7 c4 54. Rf6+ Ke8 55. Rg8+ Kd7 56. Rf7+ Ke6 57. Rxc8 Kd5 58. Rd7+ Ke6 59. Rd1 1-0

[Event "Manitoba-ch U16"]
[Site "Winnipeg CAN"]
[Date "1998.10.04"]
[Round "3"]
[White "Lasker, Justin"]
[Black "Xia, Yanchong"]
[Result "0-1"]
[WhiteElo "1108"]
[BlackElo "1350"]
[PlyCount "96"]
[GameId "2160767911806315"]
[EventDate "1998.10.03"]
[EventType "swiss"]
[EventRounds "4"]
[EventCountry "CAN"]

1. e4 c5 2. Nf3 Nc6 3. d4 cxd4 4. Nxd4 Nf6 5. Nc3 e5 6. Nxc6 bxc6 7. Bc4 Bb4 8. Bd2 O-O 9. O-O Re8 10. Qf3 Bb7 11. a3 Ba5 12. b4 Bb6 13. Bg5 a5 14. b5 Bd4 15. Ne2 Bxa1 16. Bxf6 Qxf6 17. Qxf6 gxf6 18. Rxa1 cxb5 19. Bxb5 Bxe4 20. Bxd7 Red8 21. Ng3 Bxc2 22. Bc6 Rab8 23. Nh5 Rd1+ 24. Rxd1 Bxd1 25. Nxf6+ Kg7 26. Ne8+ Kf8 27. Nf6 Rb1 28. h3 Bf3+ 29. Kh2 Bxc6 30. Nxh7+ Kg7 31. Ng5 Kg6 32. Nf3 Bxf3 33. gxf3 Rb3 34. Kg3 Rxa3 35. Kg2 a4 36. Kf1 Rxf3 37. Ke2 Rxf2+ 38. Kxf2 a3 39. Ke3 a2 40. Ke4 a1=Q 41. h4 Qd4+ 42. Kf3 Qxh4 43. Ke3 Kf5 44. Kd3 Qd4+ 45. Ke2 Kf4 46. Ke1 Qb2 47. Kd1 Ke3 48. Ke1 Qc1# 0-1

[Event "Manitoba-ch U16"]
[Site "Winnipeg CAN"]
[Date "1998.10.04"]
[Round "3"]
[White "Lipnowski, Michael"]
[Black "Henson, Joshua"]
[Result "0-1"]
[WhiteElo "1627"]
[BlackElo "2127"]
[PlyCount "48"]
[GameId "2160767911806316"]
[EventDate "1998.10.03"]
[EventType "swiss"]
[EventRounds "4"]
[EventCountry "CAN"]

1. e4 e6 2. d4 d5 3. exd5 exd5 4. Bd3 Nc6 5. c3 Bd6 6. Nf3 Bg4 7. O-O Nge7 8. Be3 Qd7 9. Nbd2 O-O-O 10. b4 Rde8 11. Nb3 Nf5 12. Qc2 Nce7 13. Nfd2 Nh4 14. g3 Bh3 15. Rfb1 Qg4 16. a4 Nf3+ 17. Kh1 Qh5 18. Be2 Bg4 19. Bxf3 Bxf3+ 20. Nxf3 Qxf3+ 21. Kg1 Nf5 22. Bd2 Re2 23. Rf1 Nh4 24. gxh4 Qh3 0-1

[Event "Manitoba-ch U16"]
[Site "Winnipeg CAN"]
[Date "1998.10.04"]
[Round "4"]
[White "Henson, Joshua"]
[Black "Gushuliak, Justin"]
[Result "1/2-1/2"]
[WhiteElo "2127"]
[BlackElo "2000"]
[PlyCount "28"]
[GameId "2160767911806317"]
[EventDate "1998.10.03"]
[EventType "swiss"]
[EventRounds "4"]
[EventCountry "CAN"]

1. e4 c5 2. Nf3 Nc6 3. Bb5 g6 4. Bxc6 bxc6 5. O-O Bg7 6. d4 cxd4 7. Nxd4 Nh6 8. Nc3 f6 9. Kh1 Nf7 10. f4 Qc7 11. Nb3 O-O 12. Be3 d6 13. Qe2 Bd7 14. Rad1 Rfe8 1/2-1/2

[Event "Manitoba-ch U16"]
[Site "Winnipeg CAN"]
[Date "1998.10.04"]
[Round "4"]
[White "Walker, Sean"]
[Black "Lasker, Justin"]
[Result "0-1"]
[WhiteElo "1497"]
[BlackElo "1108"]
[PlyCount "98"]
[GameId "2160767911806318"]
[EventDate "1998.10.03"]
[EventType "swiss"]
[EventRounds "4"]
[EventCountry "CAN"]

1. e4 c5 2. Nf3 d6 3. d4 cxd4 4. Nxd4 Nf6 5. Nc3 g6 6. Bb5+ Bd7 7. f4 Bg7 8. e5 dxe5 9. fxe5 Nh5 10. e6 fxe6 11. Nxe6 Qc8 12. Nxg7+ Nxg7 13. Qd4 Bxb5 14. Nxb5 O-O 15. Bh6 Nf5 16. Qd5+ Rf7 17. Bf4 Qxc2 18. O-O Nc6 19. b3 Nb4 20. Qxb7 Rff8 21. Nc7 Rab8 22. Qxa7 Nc6 23. Qf2 Qe4 24. Rae1 Qd3 25. Ne6 Rf6 26. Bxb8 Nfd4 27. Qe3 Rxf1+ 28. Rxf1 Qxe3+ 29. Kh1 Nf5 30. g4 Nxb8 31. gxf5 gxf5 32. Rg1+ Kf7 33. Ng5+ Kf6 34. Nxh7+ Ke6 35. Ng5+ Kd5 36. Rf1 Qxg5 37. Rd1+ Ke6 38. Re1+ Kf6 39. a4 Qd2 40. Ra1 Ke5 41. a5 Kf4 42. Rf1+ Ke3 43. Rxf5 Qe1+ 44. Kg2 Qb1 45. h4 Qxf5 46. b4 Qf3+ 47. Kg1 Qe2 48. a6 Kf3 49. a7 Qg2# 0-1

[Event "Manitoba-ch U16"]
[Site "Winnipeg CAN"]
[Date "1998.10.04"]
[Round "4"]
[White "Xia, Yanchong"]
[Black "Lipnowski, Michael"]
[Result "1-0"]
[WhiteElo "1350"]
[BlackElo "1627"]
[PlyCount "45"]
[GameId "2160767911806319"]
[EventDate "1998.10.03"]
[EventType "swiss"]
[EventRounds "4"]
[EventCountry "CAN"]

1. e4 e6 2. d4 d5 3. exd5 exd5 4. Nc3 Bb4 5. Bd2 Nf6 6. a3 Bxc3 7. Bxc3 O-O 8. f3 Re8+ 9. Ne2 Bf5 10. Qd2 c6 11. O-O-O Nbd7 12. g4 Bg6 13. Nf4 Nb6 14. h4 h6 15. Nxg6 fxg6 16. Bd3 Nc4 17. Qf4 Rf8 18. Qg3 Qe8 19. h5 g5 20. Rde1 Qd8 21. Bg6 a5 22. Re6 Nd7 23. Rhe1 1-0

[Event "Manitoba-ch U18"]
[Site "Winnipeg CAN"]
[Date "1998.09.19"]
[Round "1"]
[White "Gushuliak, Justin"]
[Black "Lipnowski, Michael"]
[Result "1-0"]
[WhiteElo "2001"]
[BlackElo "1663"]
[PlyCount "63"]
[GameId "2160767911806333"]
[EventDate "1998.09.19"]
[EventType "swiss"]
[EventRounds "4"]
[EventCountry "CAN"]
[SourceTitle "EXT 2002"]
[Source "ChessBase"]
[SourceDate "2001.11.25"]
[SourceVersion "1"]
[SourceVersionDate "2001.11.25"]
[SourceQuality "1"]

1. e4 c5 2. Nf3 e6 3. c3 Nc6 4. d4 Nf6 5. e5 Nd5 6. c4 Nde7 7. d5 exd5 8. cxd5 Nd4 9. Nxd4 cxd4 10. Qxd4 Nf5 11. Qe4 Ne7 12. Bc4 d6 13. e6 fxe6 14. dxe6 Qa5+ 15. Nc3 Qe5 16. Qxe5 dxe5 17. Nb5 Kd8 18. O-O Nc6 19. Rd1+ Nd4 20. Nxd4 exd4 21. Bg5+ Kc7 22. e7 Bxe7 23. Bxe7 Re8 24. Re1 Kd7 25. Bb5+ Kc7 26. Rac1+ Kb6 27. Bxe8 Bf5 28. Re5 Bg6 29. Bc5+ Ka5 30. Bxd4+ Kb4 31. Rb5+ Ka4 32. Rc4# 1-0

[Event "Manitoba-ch U18"]
[Site "Winnipeg CAN"]
[Date "1998.09.19"]
[Round "1"]
[White "Piche, Jeremie"]
[Black "Henson, Joshua"]
[Result "0-1"]
[WhiteElo "1655"]
[BlackElo "2075"]
[PlyCount "34"]
[GameId "2160767911806334"]
[EventDate "1998.09.19"]
[EventType "swiss"]
[EventRounds "4"]
[EventCountry "CAN"]
[SourceTitle "EXT 2002"]
[Source "ChessBase"]
[SourceDate "2001.11.25"]
[SourceVersion "1"]
[SourceVersionDate "2001.11.25"]
[SourceQuality "1"]

1. e4 e6 2. d4 d5 3. Nd2 Nf6 4. e5 Nfd7 5. f4 c5 6. c3 Nc6 7. Ndf3 Qb6 8. Ne2 Be7 9. h4 cxd4 10. cxd4 Bb4+ 11. Bd2 f6 12. g3 fxe5 13. dxe5 Bc5 14. Bh3 Bf2+ 15. Kf1 Nc5 16. Be1 Bxe1 17. Qxe1 Nd3 0-1

[Event "Manitoba-ch U18"]
[Site "Winnipeg CAN"]
[Date "1998.09.19"]
[Round "1"]
[White "Walker, Sean"]
[Black "Lipnowski, Samuel"]
[Result "0-1"]
[WhiteElo "1505"]
[BlackElo "1926"]
[PlyCount "100"]
[GameId "2160767911806335"]
[EventDate "1998.09.19"]
[EventType "swiss"]
[EventRounds "4"]
[EventCountry "CAN"]
[SourceTitle "EXT 2002"]
[Source "ChessBase"]
[SourceDate "2001.11.25"]
[SourceVersion "1"]
[SourceVersionDate "2001.11.25"]
[SourceQuality "1"]

1. e4 c5 2. Nf3 e6 3. d4 cxd4 4. Nxd4 a6 5. a4 Nf6 6. Bd3 Nc6 7. Nxc6 bxc6 8. f4 d6 9. e5 dxe5 10. fxe5 Qa5+ 11. Bd2 Qxe5+ 12. Be2 Qxb2 13. Bc3 Bb4 14. Bxb4 Qxb4+ 15. Qd2 Qxd2+ 16. Nxd2 Rb8 17. Nc4 Nd5 18. Nd6+ Ke7 19. Nxc8+ Rhxc8 20. Bxa6 Rd8 21. Bd3 Nb4 22. Rd1 Nxd3+ 23. cxd3 Ra8 24. Ke2 Rxa4 25. g3 Ra2+ 26. Ke3 Rd5 27. Rc1 c5 28. h4 Rf5 29. g4 Re5+ 30. Kf4 Rd5 31. Rhd1 Rd4+ 32. Kg3 Raa4 33. g5 Rg4+ 34. Kf3 Raf4+ 35. Ke3 Rf5 36. Rh1 Rg3+ 37. Ke2 Re5+ 38. Kd2 Ree3 39. Rc3 c4 40. Rxc4 Rxd3+ 41. Kc2 Kd6 42. Rf1 Rgf3 43. Re1 Kd5 44. Rc7 Ra3 45. Rd1+ Ke5 46. Kb2 Rae3 47. Rd2 Re4 48. Rc5+ Kf4 49. Rg2 Rb4+ 50. Kc2 Rb7 0-1

[Event "Manitoba-ch U18"]
[Site "Winnipeg CAN"]
[Date "1998.09.19"]
[Round "2"]
[White "Henson, Joshua"]
[Black "Gushuliak, Justin"]
[Result "1/2-1/2"]
[WhiteElo "2075"]
[BlackElo "2001"]
[PlyCount "26"]
[GameId "2160767911806336"]
[EventDate "1998.09.19"]
[EventType "swiss"]
[EventRounds "4"]
[EventCountry "CAN"]
[SourceTitle "EXT 2002"]
[Source "ChessBase"]
[SourceDate "2001.11.25"]
[SourceVersion "1"]
[SourceVersionDate "2001.11.25"]
[SourceQuality "1"]

1. e4 c5 2. Nf3 d6 3. d4 Nf6 4. Nc3 cxd4 5. Qxd4 Nc6 6. Bb5 Bd7 7. Bxc6 bxc6 8. e5 dxe5 9. Nxe5 e6 10. Bg5 Qb6 11. Qxb6 axb6 12. O-O-O Nd5 13. Nxd5 cxd5 1/2-1/2

[Event "Manitoba-ch U18"]
[Site "Winnipeg CAN"]
[Date "1998.09.19"]
[Round "2"]
[White "Lipnowski, Michael"]
[Black "Walker, Sean"]
[Result "1-0"]
[WhiteElo "1663"]
[BlackElo "1505"]
[PlyCount "57"]
[GameId "2160767911806337"]
[EventDate "1998.09.19"]
[EventType "swiss"]
[EventRounds "4"]
[EventCountry "CAN"]
[SourceTitle "EXT 2002"]
[Source "ChessBase"]
[SourceDate "2001.11.25"]
[SourceVersion "1"]
[SourceVersionDate "2001.11.25"]
[SourceQuality "1"]

1. e4 e5 2. Nf3 Nc6 3. Bb5 d6 4. h3 Bd7 5. O-O Nf6 6. Re1 Be7 7. c3 O-O 8. d3 h6 9. Nbd2 a6 10. Ba4 Re8 11. Nf1 Bf8 12. Ng3 b5 13. Bc2 d5 14. Nh4 d4 15. Nhf5 Bxf5 16. Nxf5 Ne7 17. Qf3 Nxf5 18. exf5 Bd6 19. Bb3 Qd7 20. g4 Nh7 21. Kh1 c6 22. h4 Rac8 23. g5 hxg5 24. hxg5 Qe7 25. f6 gxf6 26. g6 Kh8 27. gxh7 Kxh7 28. Qh5+ Kg8 29. Rg1+ 1-0

[Event "Manitoba-ch U18"]
[Site "Winnipeg CAN"]
[Date "1998.09.19"]
[Round "2"]
[White "Lipnowski, Samuel"]
[Black "Piche, Jeremie"]
[Result "1-0"]
[WhiteElo "1926"]
[BlackElo "1655"]
[PlyCount "43"]
[GameId "2160767911806338"]
[EventDate "1998.09.19"]
[EventType "swiss"]
[EventRounds "4"]
[EventCountry "CAN"]
[SourceTitle "EXT 2002"]
[Source "ChessBase"]
[SourceDate "2001.11.25"]
[SourceVersion "1"]
[SourceVersionDate "2001.11.25"]
[SourceQuality "1"]

1. e4 c5 2. Nf3 Nc6 3. d4 cxd4 4. Nxd4 g6 5. Nc3 Bg7 6. Be3 Nf6 7. Bc4 Qa5 8. f3 Qb4 9. Bb3 Nxe4 10. Nxc6 Bxc3+ 11. bxc3 Qxc3+ 12. Ke2 dxc6 13. Bd4 O-O 14. fxe4 Qb4 15. Qd2 Qb5+ 16. Qd3 Bg4+ 17. Kf2 Qg5 18. Qe3 Qa5 19. Bc3 Qc7 20. Qd4 Qf4+ 21. Ke1 Qh6 22. Qh8# 1-0